000 01597cam a22001814a 4500
005 20250605164405.0
008 250528s ||||||||||||||||||||||||d
035 _a24780
040 _aGR-AtMCL
_bgre
_dGR-AtMCL
_eAACR2
245 1 _aΕργασιακό Περιβάλλον Φιλίες Επιτυχίες
260 _bΔελτίον Διοικήσεως Επιχειρήσεων,
_c2023
300 _a104
520 _aΗ Δύναμη των Φίλων στο Εργασιακό Περιβάλλον, Η Αθήνα Υποδέχτηκε την Παγκόσμια Ναυτιλιακή Κοινότητα, Κατευθύνσεις για το Δικαίωμα Πρόσβασης στα Προσωπικά Δεδομένα, Πώς το Branding Σχετίζεται με τον Τζίρο και την Κερδοφορία των Επιχειρήσεων, Η Επισκεψιμότητα Επέστρεψε στα προ Πανδημίας Επίπεδα και Εκτινάχτηκε Έναντι του 2021, Νέα Χρηματοδοτικά Εργαλεία από την Ελληνική Αναπτυξιακή Έρευνα, Οι Στόχοι Βιώσιμης Ανάπτυξης στην ΕΕ το 2022, Επιτυχής Ολοκλήρωση της Επιθεώρησης της Χώρας μας απο τον IMO, Τα Νέα των Βιομηχανικών και Εμπορικών Επιχειρήσεων.
700 1 _aΠαπαμιχαλάκης, Κωνσταντίνος Ι
_99496
942 _cCR
999 _c9631
_d9631